Spoločne do EÚ

Podrobná bibliografia
Hlavný autor: (jkč) (Autor)
Korporatívny autor: Euroregión Slaná-Rimava (Autor)
Médium: Článok
Jazyk:slovenčina
Predmet:

MARC

LEADER 00000nab a2200000 a 4500
001 vtls001007784
003 SK-MaSNL
005 20260303040542.0
008 040720e20001031xo 0 slo
035 |a RV8384 
040 |a RVGKPD  |b slo  |c RVGKPD  |e AACR2 
041 0 |a slo 
044 |a xo  |c SK 
080 |a 332.1  |2 1981 
100 0 |a (jkč)  |4 aut  |9 1024004 
245 1 0 |a Spoločne do EÚ 
500 |a otvorenie 
610 2 7 |a Euroregión Slaná-Rimava  |2 RVGKPD  |9 1024063 
650 0 7 |a kancelárie  |2 RVGKPD  |9 30548 
651 7 |a Rimavská Sobota (Slovensko)  |2 RVGKPD  |9 28655 
655 7 |a periodikum  |2 snkbucl  |9 29553 
710 2 |a Euroregión Slaná-Rimava  |4 aut  |9 1024063 
773 0 8 |t Týždeň v Gemeri  |g Roč. 1, č.36, 31.10.2000, s. 2 
852 |a ZVYKNI  |b KIS3GCP 
999 |c 1682513  |d 1684443